Statistics for Random Countries in Braille

Click here to take the quiz!

General Stats

  • This quiz has been taken 625 times
  • The average score is 5 of 16

Answer Stats

BrailleCountry% Correct
⠙⠑⠍⠕⠉⠗⠁⠞⠊⠉   ⠗⠑⠏⠥⠃⠇⠊⠉   ⠕⠋   ⠞⠓⠑   ⠉⠕⠝⠛⠕Democratic Republic of the Congo
86%
⠥⠝⠊⠞⠑⠙   ⠎⠞⠁⠞⠑⠎United States
83%
⠗⠥⠎⠎⠊⠁Russia
79%
⠛⠑⠗⠍⠁⠝⠽Germany
75%
⠥⠝⠊⠞⠑⠙   ⠅⠊⠝⠛⠙⠕⠍United Kingdom
75%
⠉⠓⠊⠝⠁China
73%
⠁⠇⠛⠑⠗⠊⠁Algeria
72%
⠑⠛⠽⠏⠞Egypt
71%
⠉⠁⠝⠁⠙⠁Canada
70%
⠚⠁⠏⠁⠝Japan
68%
⠊⠗⠁⠝Iran
67%
⠍⠁⠇⠊Mali
67%
⠁⠥⠎⠞⠗⠊⠁Austria
63%
⠃⠗⠁⠵⠊⠇Brazil
63%
⠊⠞⠁⠇⠽Italy
63%
⠋⠗⠁⠝⠉⠑France
62%
⠎⠏⠁⠊⠝Spain
59%
⠇⠁⠞⠧⠊⠁Latvia
57%
⠝⠊⠛⠑⠗Niger
57%
⠥⠗⠥⠛⠥⠁⠽Uruguay
57%
⠞⠓⠁⠊⠇⠁⠝⠙Thailand
56%
⠙⠑⠝⠍⠁⠗⠅Denmark
54%
⠏⠑⠗⠥Peru
54%
⠎⠁⠥⠙⠊   ⠁⠗⠁⠃⠊⠁Saudi Arabia
54%
⠙⠕⠍⠊⠝⠊⠉⠁⠝   ⠗⠑⠏⠥⠃⠇⠊⠉Dominican Republic
53%
⠇⠊⠞⠓⠥⠁⠝⠊⠁Lithuania
53%
⠃⠁⠗⠃⠁⠙⠕⠎Barbados
50%
⠇⠑⠃⠁⠝⠕⠝Lebanon
50%
⠍⠑⠭⠊⠉⠕Mexico
50%
⠛⠑⠕⠗⠛⠊⠁Georgia
47%
⠇⠊⠃⠽⠁Libya
47%
⠎⠁⠊⠝⠞   ⠅⠊⠞⠞⠎   ⠁⠝⠙   ⠝⠑⠧⠊⠎Saint Kitts and Nevis
47%
⠎⠕⠍⠁⠇⠊⠁Somalia
47%
⠎⠕⠥⠞⠓   ⠁⠋⠗⠊⠉⠁South Africa
47%
⠎⠗⠊   ⠇⠁⠝⠅⠁Sri Lanka
47%
⠃⠥⠇⠛⠁⠗⠊⠁Bulgaria
46%
⠇⠊⠃⠑⠗⠊⠁Liberia
46%
⠍⠁⠇⠞⠁Malta
46%
⠁⠝⠞⠊⠛⠥⠁   ⠁⠝⠙   ⠃⠁⠗⠃⠥⠙⠁Antigua and Barbuda
45%
⠉⠓⠁⠙Chad
45%
⠏⠁⠏⠥⠁   ⠝⠑⠺   ⠛⠥⠊⠝⠑⠁Papua New Guinea
44%
⠎⠕⠥⠞⠓   ⠅⠕⠗⠑⠁South Korea
44%
⠥⠝⠊⠞⠑⠙   ⠁⠗⠁⠃   ⠑⠍⠊⠗⠁⠞⠑⠎United Arab Emirates
44%
⠁⠇⠃⠁⠝⠊⠁Albania
43%
⠃⠕⠎⠝⠊⠁   ⠁⠝⠙   ⠓⠑⠗⠵⠑⠛⠕⠧⠊⠝⠁Bosnia and Herzegovina
43%
⠑⠎⠞⠕⠝⠊⠁Estonia
43%
⠛⠗⠑⠑⠉⠑Greece
43%
⠊⠗⠁⠟Iraq
43%
⠝⠕⠗⠺⠁⠽Norway
43%
⠎⠁⠊⠝⠞   ⠧⠊⠝⠉⠑⠝⠞   ⠁⠝⠙   ⠞⠓⠑   ⠛⠗⠑⠝⠁⠙⠊⠝⠑⠎Saint Vincent and the Grenadines
43%
⠞⠁⠊⠺⠁⠝Taiwan
43%
⠁⠝⠙⠕⠗⠗⠁Andorra
42%
⠉⠑⠝⠞⠗⠁⠇   ⠁⠋⠗⠊⠉⠁⠝   ⠗⠑⠏⠥⠃⠇⠊⠉Central African Republic
42%
⠊⠝⠙⠊⠁India
42%
⠍⠁⠇⠁⠽⠎⠊⠁Malaysia
42%
⠎⠽⠗⠊⠁Syria
41%
⠃⠕⠞⠎⠺⠁⠝⠁Botswana
40%
⠉⠓⠊⠇⠑Chile
40%
⠝⠑⠞⠓⠑⠗⠇⠁⠝⠙⠎Netherlands
40%
⠝⠊⠛⠑⠗⠊⠁Nigeria
40%
⠁⠗⠛⠑⠝⠞⠊⠝⠁Argentina
38%
⠃⠁⠓⠁⠍⠁⠎Bahamas
38%
⠃⠁⠓⠗⠁⠊⠝Bahrain
38%
⠑⠁⠎⠞   ⠞⠊⠍⠕⠗East Timor
38%
⠛⠁⠃⠕⠝Gabon
38%
⠛⠥⠊⠝⠑⠁Guinea
38%
⠇⠊⠑⠉⠓⠞⠑⠝⠎⠞⠑⠊⠝Liechtenstein
38%
⠏⠁⠇⠁⠥Palau
38%
⠎⠥⠙⠁⠝Sudan
38%
⠞⠥⠗⠅⠑⠽Turkey
38%
⠉⠁⠍⠑⠗⠕⠕⠝Cameroon
37%
⠞⠥⠗⠅⠍⠑⠝⠊⠎⠞⠁⠝Turkmenistan
37%
⠃⠁⠝⠛⠇⠁⠙⠑⠎⠓Bangladesh
36%
⠋⠊⠚⠊Fiji
36%
⠊⠎⠗⠁⠑⠇Israel
36%
⠅⠑⠝⠽⠁Kenya
36%
⠅⠕⠎⠕⠧⠕Kosovo
36%
⠝⠑⠏⠁⠇Nepal
36%
⠗⠑⠏⠥⠃⠇⠊⠉   ⠕⠋   ⠞⠓⠑   ⠉⠕⠝⠛⠕Republic of the Congo
36%
⠎⠁⠕   ⠞⠕⠍⠑   ⠁⠝⠙   ⠏⠗⠊⠝⠉⠊⠏⠑São Tomé and Príncipe
36%
⠇⠁⠕⠎Laos
35%
⠁⠝⠛⠕⠇⠁Angola
33%
⠁⠥⠎⠞⠗⠁⠇⠊⠁Australia
33%
⠉⠁⠍⠃⠕⠙⠊⠁Cambodia
33%
⠓⠥⠝⠛⠁⠗⠽Hungary
33%
⠊⠉⠑⠇⠁⠝⠙Iceland
33%
⠍⠁⠇⠁⠺⠊Malawi
33%
⠍⠁⠇⠙⠊⠧⠑⠎Maldives
33%
⠍⠕⠝⠁⠉⠕Monaco
33%
⠍⠕⠝⠛⠕⠇⠊⠁Mongolia
33%
⠍⠕⠵⠁⠍⠃⠊⠟⠥⠑Mozambique
33%
⠝⠁⠍⠊⠃⠊⠁Namibia
33%
⠝⠑⠺   ⠵⠑⠁⠇⠁⠝⠙New Zealand
33%
⠏⠁⠅⠊⠎⠞⠁⠝Pakistan
33%
⠟⠁⠞⠁⠗Qatar
33%
⠎⠁⠍⠕⠁Samoa
33%
⠎⠑⠝⠑⠛⠁⠇Senegal
33%
⠞⠥⠝⠊⠎⠊⠁Tunisia
33%
⠎⠑⠗⠃⠊⠁Serbia
32%
⠃⠑⠇⠛⠊⠥⠍Belgium
31%
⠃⠑⠇⠊⠵⠑Belize
31%
⠃⠓⠥⠞⠁⠝Bhutan
31%
⠑⠗⠊⠞⠗⠑⠁Eritrea
31%
⠛⠥⠊⠝⠑⠁⠤⠃⠊⠎⠎⠁⠥Guinea-Bissau
31%
⠇⠥⠭⠑⠍⠃⠕⠥⠗⠛Luxembourg
31%
⠝⠕⠗⠞⠓   ⠅⠕⠗⠑⠁North Korea
31%
⠥⠅⠗⠁⠊⠝⠑Ukraine
31%
⠑⠟⠥⠁⠞⠕⠗⠊⠁⠇   ⠛⠥⠊⠝⠑⠁Equatorial Guinea
30%
⠛⠓⠁⠝⠁Ghana
30%
⠝⠕⠗⠞⠓   ⠍⠁⠉⠑⠙⠕⠝⠊⠁North Macedonia
30%
⠎⠁⠝   ⠍⠁⠗⠊⠝⠕San Marino
30%
⠉⠗⠕⠁⠞⠊⠁Croatia
29%
⠛⠁⠍⠃⠊⠁Gambia
29%
⠅⠽⠗⠛⠽⠵⠎⠞⠁⠝Kyrgyzstan
29%
⠝⠁⠥⠗⠥Nauru
29%
⠏⠕⠗⠞⠥⠛⠁⠇Portugal
29%
⠞⠗⠊⠝⠊⠙⠁⠙   ⠁⠝⠙   ⠞⠕⠃⠁⠛⠕Trinidad and Tobago
29%
⠁⠋⠛⠓⠁⠝⠊⠎⠞⠁⠝Afghanistan
28%
⠉⠥⠃⠁Cuba
28%
⠅⠁⠵⠁⠅⠓⠎⠞⠁⠝Kazakhstan
28%
⠗⠕⠍⠁⠝⠊⠁Romania
28%
⠍⠁⠗⠎⠓⠁⠇⠇   ⠊⠎⠇⠁⠝⠙⠎Marshall Islands
27%
⠍⠁⠥⠗⠊⠞⠊⠥⠎Mauritius
27%
⠍⠕⠇⠙⠕⠧⠁Moldova
27%
⠕⠍⠁⠝Oman
27%
⠏⠕⠇⠁⠝⠙Poland
27%
⠎⠺⠑⠙⠑⠝Sweden
27%
⠧⠑⠝⠑⠵⠥⠑⠇⠁Venezuela
27%
⠽⠑⠍⠑⠝Yemen
27%
⠊⠝⠙⠕⠝⠑⠎⠊⠁Indonesia
26%
⠇⠑⠎⠕⠞⠓⠕Lesotho
26%
⠍⠽⠁⠝⠍⠁⠗Myanmar
26%
⠞⠕⠝⠛⠁Tonga
26%
⠁⠗⠍⠑⠝⠊⠁Armenia
25%
⠙⠚⠊⠃⠕⠥⠞⠊Djibouti
25%
⠑⠞⠓⠊⠕⠏⠊⠁Ethiopia
25%
⠛⠥⠽⠁⠝⠁Guyana
25%
⠍⠕⠝⠞⠑⠝⠑⠛⠗⠕Montenegro
25%
⠞⠕⠛⠕Togo
25%
⠉⠕⠇⠕⠍⠃⠊⠁Colombia
24%
⠑⠉⠥⠁⠙⠕⠗Ecuador
24%
⠗⠺⠁⠝⠙⠁Rwanda
24%
⠑⠎⠺⠁⠞⠊⠝⠊Eswatini
23%
⠉⠕⠎⠞⠁   ⠗⠊⠉⠁Costa Rica
22%
⠅⠊⠗⠊⠃⠁⠞⠊Kiribati
22%
⠍⠁⠥⠗⠊⠞⠁⠝⠊⠁Mauritania
22%
⠁⠵⠑⠗⠃⠁⠊⠚⠁⠝Azerbaijan
21%
⠃⠥⠗⠥⠝⠙⠊Burundi
21%
⠛⠗⠑⠝⠁⠙⠁Grenada
21%
⠍⠕⠗⠕⠉⠉⠕Morocco
21%
⠞⠥⠧⠁⠇⠥Tuvalu
21%
⠃⠗⠥⠝⠑⠊Brunei
20%
⠋⠊⠝⠇⠁⠝⠙Finland
20%
⠛⠥⠁⠞⠑⠍⠁⠇⠁Guatemala
20%
⠏⠓⠊⠇⠊⠏⠏⠊⠝⠑⠎Philippines
20%
⠎⠇⠕⠧⠁⠅⠊⠁Slovakia
20%
⠎⠕⠇⠕⠍⠕⠝   ⠊⠎⠇⠁⠝⠙⠎Solomon Islands
20%
⠃⠑⠝⠊⠝Benin
19%
⠉⠵⠑⠉⠓   ⠗⠑⠏⠥⠃⠇⠊⠉Czech Republic
19%
⠋⠑⠙⠑⠗⠁⠞⠑⠙   ⠎⠞⠁⠞⠑⠎   ⠕⠋   ⠍⠊⠉⠗⠕⠝⠑⠎⠊⠁Federated States of Micronesia
19%
⠍⠁⠙⠁⠛⠁⠎⠉⠁⠗Madagascar
19%
⠧⠁⠝⠥⠁⠞⠥Vanuatu
19%
⠊⠗⠑⠇⠁⠝⠙Ireland
18%
⠚⠁⠍⠁⠊⠉⠁Jamaica
18%
⠎⠊⠑⠗⠗⠁   ⠇⠑⠕⠝⠑Sierra Leone
18%
⠎⠊⠝⠛⠁⠏⠕⠗⠑Singapore
18%
⠎⠕⠥⠞⠓   ⠎⠥⠙⠁⠝South Sudan
18%
⠃⠕⠇⠊⠧⠊⠁Bolivia
17%
⠎⠇⠕⠧⠑⠝⠊⠁Slovenia
17%
⠑⠇   ⠎⠁⠇⠧⠁⠙⠕⠗El Salvador
16%
⠞⠁⠝⠵⠁⠝⠊⠁Tanzania
16%
⠃⠑⠇⠁⠗⠥⠎Belarus
15%
⠃⠥⠗⠅⠊⠝⠁   ⠋⠁⠎⠕Burkina Faso
15%
⠉⠁⠏⠑   ⠧⠑⠗⠙⠑Cape Verde
15%
⠅⠥⠺⠁⠊⠞Kuwait
15%
⠏⠁⠝⠁⠍⠁Panama
15%
⠏⠁⠗⠁⠛⠥⠁⠽Paraguay
15%
⠎⠥⠗⠊⠝⠁⠍⠑Suriname
15%
⠞⠁⠚⠊⠅⠊⠎⠞⠁⠝Tajikistan
15%
⠧⠊⠑⠞⠝⠁⠍Vietnam
15%
⠝⠊⠉⠁⠗⠁⠛⠥⠁Nicaragua
14%
⠙⠕⠍⠊⠝⠊⠉⠁Dominica
13%
⠓⠁⠊⠞⠊Haiti
13%
⠓⠕⠝⠙⠥⠗⠁⠎Honduras
13%
⠥⠛⠁⠝⠙⠁Uganda
13%
⠎⠑⠽⠉⠓⠑⠇⠇⠑⠎Seychelles
12%
⠚⠕⠗⠙⠁⠝Jordan
11%
⠎⠁⠊⠝⠞   ⠇⠥⠉⠊⠁Saint Lucia
11%
⠥⠵⠃⠑⠅⠊⠎⠞⠁⠝Uzbekistan
11%
⠎⠺⠊⠞⠵⠑⠗⠇⠁⠝⠙Switzerland
10%
⠉⠽⠏⠗⠥⠎Cyprus
9%
⠊⠧⠕⠗⠽   ⠉⠕⠁⠎⠞Ivory Coast
8%
⠧⠁⠞⠊⠉⠁⠝   ⠉⠊⠞⠽Vatican City
8%
⠵⠁⠍⠃⠊⠁Zambia
6%
⠵⠊⠍⠃⠁⠃⠺⠑Zimbabwe
6%
⠉⠕⠍⠕⠗⠕⠎Comoros
5%

Score Distribution

Percentile by Number Answered

Percent of People with Each Score

Your Score History

You have not taken this quiz